000 01600nam a22003497a 4500
001 BRCA_9185
003 FranzMayer
005 20220809132359.0
008 220704b |||||||| |||| 00| 0 spa d
020 _a9686815260
040 _cMFM
_bspa
043 _an-mx---
050 0 0 _aNC976.M6
_bS23 2004
100 1 _aSaborit, Antonio,
_d1957-
_928404
245 1 0 _aDiario de las cigarras :
_bIzaguirre, Martínez Carrión y Villasana dibujan del natural /
_cAntonio Saborit.
260 _aMéxico, D.F. :
_bGrupo CARSO,
_c2004.
300 _a221 p. :
_bill. ;
_c24 x 33 cm.
500 _aUbicación: L59-N5
504 _aIncluye referencias bibliográficas (p. 219-221).
520 _aEste ejemplar tiene como principal objetivo conocer y apreciar la obra gráfica que dejaron en las páginas de "El Mundo Ilustrado" tres valiosos artistas mexicanos: José María Villasana, Jesús Martínez Carrión y Leonardo Izaguirre, donde al mismo tiempo se podrá apreciar la narración histórica de Antonio Saborit.
600 1 0 _aIzaguirre, Leandro,
_d1867-1941.
_928405
600 1 0 _aMartínez Carrión, Jesús,
_d1860-1906.
_928406
600 1 0 _aVillasana, José María,
_d1848-1904.
_928407
630 0 0 _aMundo ilustrado (Mexico City, Mexico)
_928408
650 0 _aIlustración de periódicos
_zMéxico
_ySiglo XIX
_928409
650 0 _aIlustraciones
_zMéxico
_ySiglo XIX
_928410
700 1 2 _aIzaguirre, Leandro,
_d1867-1941.
_928405
700 1 2 _aMartínez Carrión, Jesús,
_d1860-1906.
_928406
700 1 2 _aVillasana, José María,
_d1848-1904.
_928407
942 _2lcc
_cB
999 _c10804
_d10804